000 00617nam a2200217Ia 4500
003 OSt
005 20220107122658.0
008 130318s9999 xx 000 0 und d
020 _a8131208451
040 _cIIITMK
082 _a0056.37 JAH/C
100 _aJahne, Bermt
_916930
245 _aComputer vision and applications:a guide for students and practitioners
260 _bAcademic Press
_aU.S.A
_c2000
300 _a679
_eCD ROM
650 _aPATTERN RECOGNITION
_916931
650 _aSENSORS AND IMAGING
_916932
650 _aSIGNAL PROCESSING
_916933
700 _aHaubecker, Hors
_916934
942 _2ddc
_cBK
999 _c2430
_d2430